Victimización y desvictimización : (Registro nro. 5945)

Detalles MARC
000 -LEADER
fixed length control field 01031nam a2200277Ia 4500
003 - CONTROL NUMBER IDENTIFIER
control field OSt
005 - DATE AND TIME OF LATEST TRANSACTION
control field 20200905155038.0
008 - FIXED-LENGTH DATA ELEMENTS--GENERAL INFORMATION
fixed length control field 191128s2014 ck gr 001 0 spa d
020 ## - INTERNATIONAL STANDARD BOOK NUMBER
International Standard Book Number 9789583510250
040 ## - CATALOGING SOURCE
Original cataloging agency CO-JMCR
Transcribing agency CO-JMCR
041 0# - LANGUAGE CODE
Language code of text/sound track or separate title spa
082 04 - DEWEY DECIMAL CLASSIFICATION NUMBER
Classification number 362.88 /
Item number R627v
Edition number 23
100 1# - MAIN ENTRY--PERSONAL NAME
Personal name Rodríguez Campos, Carlos,
Relator term autor
9 (RLIN) 9880
245 10 - TITLE STATEMENT
Title Victimización y desvictimización :
Remainder of title un estudio filosófico-jurídico y multidisciplinario /
Statement of responsibility, etc. Carlos Rodríguez Campos y Emilio José García Mercader
260 ## - PUBLICATION, DISTRIBUTION, ETC.
Place of publication, distribution, etc. Bogotá :
Name of publisher, distributor, etc. Temis,
Date of publication, distribution, etc. 2014
300 ## - PHYSICAL DESCRIPTION
Extent 120 páginas ;
Dimensions 21 cm.
500 ## - GENERAL NOTE
General note Incluye índice de autores.
504 ## - BIBLIOGRAPHY, ETC. NOTE
Bibliography, etc. note Bibliografía: páginas 115-118
505 0# - FORMATTED CONTENTS NOTE
Formatted contents note La victimización -- Daños y perjuicios -- Proceso de victimización -- Desvictimización
650 1# - SUBJECT ADDED ENTRY--TOPICAL TERM
Topical term or geographic name entry element Victimización
9 (RLIN) 9881
650 1# - SUBJECT ADDED ENTRY--TOPICAL TERM
Topical term or geographic name entry element Desvictimización
9 (RLIN) 9882
650 1# - SUBJECT ADDED ENTRY--TOPICAL TERM
Topical term or geographic name entry element Víctimas de delitos
9 (RLIN) 9883
650 2# - SUBJECT ADDED ENTRY--TOPICAL TERM
Topical term or geographic name entry element Justicia
General subdivision clasificación
9 (RLIN) 9884
700 1# - ADDED ENTRY--PERSONAL NAME
Personal name García Mercader, Emilio José,
Relator term autor
9 (RLIN) 9885
942 ## - ADDED ENTRY ELEMENTS (KOHA)
Source of classification or shelving scheme Dewey Decimal Classification
Koha item type Books
Existencias
Withdrawn status Lost status Source of classification or shelving scheme Damaged status Not for loan Collection code Home library Current library Date acquired Source of acquisition Total Checkouts Full call number Barcode Date last seen Date last checked out Copy number Koha item type
    Dewey Decimal Classification     Non-fiction Biblioteca Pública José María del Castillo y Rada Biblioteca Pública José María del Castillo y Rada 04/15/2018 Donación 1 362.88 / R627v 430010755 07/16/2024 07/16/2024 Ej.1 Books